000 01061nam a2200265 i 4500
003 DO-SdBNP
005 20231019142010.0
006 a||||br|||| 00| 0
007 ta
008 231011n200? dr a|||| |||| 00| 0 spa d
040 _aDO-SdBNP
_bspa
_cBNPHU
_erda
082 4 _222
_bH117c
245 1 0 _a¡Cuenta conmigo! :
_bespañol 8. guía didáctica. /
_cAna M. Haché de Yunén, LiLiana Montenegro; ilustraciones, Marta de Olloqui
246 4 _aGuía didáctica:
_b¡cuenta conmigo, español 8
264 _aSanto Domingo :
_bPUCM - EDUCA / PIPE,
_c[sin fecha]
300 _a144 páginas :
_bIlustraciones ;
_c21 cm.
336 _2rdaconten
_atexto
_btxt
337 _2rdamedia
_asin mediación
_bn
338 _2rdacarrier
_avolumen
_bnc
505 _aUnidad I: El Amor.--
_tUnidad II: Por aquel entonces.--
_tUnidad III: Los Deportes.--
_tUnidad IV: La Ecología.--
_tUnidad V: Matices Humanos.
590 _aInventariado 2023 / MF
700 1 _aMontenegro, Liliana,
_eautora
_973770
700 1 _aOlloqui, Marta de,
_eilustraciones
_983687
942 _2ddc
_cLBS1
999 _c55154
_d55154